1583 1958 1638 1425 1027 1327 1597 1459 1606 1318 1767 1297 1555 1917 1501 1921 1657 1866 1947 1458 1349 1613 1824 1466 1466 1372 1975 1802 1714 1676 1301 1297 1474 1254 1453 1394 1498 1748 1079 1752 1999 1778 1793 1502 1297 1720 1773 1558 1178 1667 1524 1434 1067 1343 1395 1692 1218 1367 1049 1516 1046 1946 1252 1066 1315 1062 1794 1862 1678 1008 1299 1468 1170 1529 1704 1567 1280 1571 1016 1963 1370 1171 1522 1025 1237 1273 1734 1054 1576 1124 1628 1030 1203 1441 1238 1551 1430 1773 1756 BCNSPRNW ULIB Ver.6.0+V

เปลี่ยนเป็นภาษาไทย

Change to English
 แสดงรายละเอียดบรรณานุกรม
  กลับหน้าหลัก

Brief Record : Get Marc (ISO 2709) : E-mail record : QR code < ปิดหน้าต่าง
LEADER : 00000nam 2200000uu 4500
001    13399126176
003     ULIB
008    180629s2555||||th 000 0 tha d
020    ^a9786167742014
040    ^absi
060 04 ^aW62^bส713ท
100 0  ^aสำลี ใจดี
245 00 ^aทักษะการสื่อสารกับผู้ป่วย /^cบรรณาธิการ,สำลี ใจดี
250    ^aพิมพ์ครั้งที่ 1
260    ^aกรุงเทพฯ :^bมูลนิธิเพื่อเด็กพิการ,^c2555
300    ^a60 หน้า :^bภาพประกอบ ;^c26 ซม.
500    ^aทักษะการสื่อสารกับผู้ป่วย (การปฏิบัติต่อผู้ป่วย)เป็นตำราพื้นฐานในการเรียนหลักสูตรการประกอบโรคศิลปะสาขาการแพทย์แผนไทย ประเภทการนวดไทย (หมอนวดไทย)ตามพระราชบัญญัติการประกอบโรคศิลปะ พ.ศ. 2542
650  4 ^aการสื่อสารกับผู้ป่วย
650  4 ^aการสื่อสารทางการแพทย์
650  4 ^aการแพทย์แผนไทย
710 2  ^aมูลนิธิเพื่อเด็กพิการ
710 2  ^aมูลนิธิสาธารณสุขกับการพัฒนา
710 2  ^aมูลนิธิพัฒนาการแพทย์แผนไทย
945    ^p400^l0^i26313
945    ^p400^l0^i26314
945    ^p400^l0^i26315
945    ^p400^l0^i26316
945    ^p400^l0^i26317
945    ^p400^l0^i26318
945    ^p400^l0^i26319
945    ^p400^l0^i26320
945    ^p400^l0^i26321
945    ^p400^l0^i26322
945    ^p400^l0^i26323
945    ^p400^l0^i26324
945    ^p400^l0^i26325
945    ^p400^l0^i26326
945    ^p400^l0^i26327
999    ^aกัณชพร จุลอักษร
รายการนี้ยังไม่มีแท็ก
คุณยังไม่ได้ล็อกอิน คุณสามารถมีกิจกรรมร่วมกับเว็บไซต์ได้ แต่ต้องล็อกอินก่อน ::
  ล็อกอิน

รายการสื่อสารสนเทศ

ลำดับที่ ประเภท เลขเรียก/บาร์โค้ด สถานที่ สถานะ
1. วิทยาศาสตร์การแพทย์ และสุขภาพ
วิทยาศาสตร์การแพทย์ และสุขภาพ
สถานะ=หนังสือเก่า
W62 ส713ท ฉ.1 
  Barcode: 26313
ห้องสมุดวิทยาเขตนครสวรรค์
►ส่วนจัดเก็บหนังสือเก่า นว.
บนชั้น
  ขอยืม
2. วิทยาศาสตร์การแพทย์ และสุขภาพ
วิทยาศาสตร์การแพทย์ และสุขภาพ
สถานะ=หนังสือเก่า
W62 ส713ท ฉ.10 
  Barcode: 26322
ห้องสมุดวิทยาเขตนครสวรรค์
►ส่วนจัดเก็บหนังสือเก่า นว.
บนชั้น
  ขอยืม
3. วิทยาศาสตร์การแพทย์ และสุขภาพ
วิทยาศาสตร์การแพทย์ และสุขภาพ
สถานะ=หนังสือเก่า
W62 ส713ท ฉ.11 
  Barcode: 26323
ห้องสมุดวิทยาเขตนครสวรรค์
►ส่วนจัดเก็บหนังสือเก่า นว.
บนชั้น
  ขอยืม
4. วิทยาศาสตร์การแพทย์ และสุขภาพ
วิทยาศาสตร์การแพทย์ และสุขภาพ
สถานะ=หนังสือเก่า
W62 ส713ท ฉ.12 
  Barcode: 26324
ห้องสมุดวิทยาเขตนครสวรรค์
►ส่วนจัดเก็บหนังสือเก่า นว.
บนชั้น
  ขอยืม
5. วิทยาศาสตร์การแพทย์ และสุขภาพ
วิทยาศาสตร์การแพทย์ และสุขภาพ
สถานะ=หนังสือเก่า
W62 ส713ท ฉ.13 
  Barcode: 26325
ห้องสมุดวิทยาเขตนครสวรรค์
►ส่วนจัดเก็บหนังสือเก่า นว.
บนชั้น
  ขอยืม
6. วิทยาศาสตร์การแพทย์ และสุขภาพ
วิทยาศาสตร์การแพทย์ และสุขภาพ
สถานะ=หนังสือเก่า
W62 ส713ท ฉ.14 
  Barcode: 26326
ห้องสมุดวิทยาเขตนครสวรรค์
►ส่วนจัดเก็บหนังสือเก่า นว.
บนชั้น
  ขอยืม
7. วิทยาศาสตร์การแพทย์ และสุขภาพ
วิทยาศาสตร์การแพทย์ และสุขภาพ
สถานะ=หนังสือเก่า
W62 ส713ท ฉ.15 
  Barcode: 26327
ห้องสมุดวิทยาเขตนครสวรรค์
►ส่วนจัดเก็บหนังสือเก่า นว.
บนชั้น
  ขอยืม
8. วิทยาศาสตร์การแพทย์ และสุขภาพ
วิทยาศาสตร์การแพทย์ และสุขภาพ
สถานะ=หนังสือเก่า
W62 ส713ท ฉ.2 
  Barcode: 26314
ห้องสมุดวิทยาเขตนครสวรรค์
►ส่วนจัดเก็บหนังสือเก่า นว.
บนชั้น
  ขอยืม
9. วิทยาศาสตร์การแพทย์ และสุขภาพ
วิทยาศาสตร์การแพทย์ และสุขภาพ
สถานะ=หนังสือเก่า
W62 ส713ท ฉ.3 
  Barcode: 26315
ห้องสมุดวิทยาเขตนครสวรรค์
►ส่วนจัดเก็บหนังสือเก่า นว.
บนชั้น
  ขอยืม
10. วิทยาศาสตร์การแพทย์ และสุขภาพ
วิทยาศาสตร์การแพทย์ และสุขภาพ
สถานะ=หนังสือเก่า
W62 ส713ท ฉ.4 
  Barcode: 26316
ห้องสมุดวิทยาเขตนครสวรรค์
►ส่วนจัดเก็บหนังสือเก่า นว.
บนชั้น
  ขอยืม
11. วิทยาศาสตร์การแพทย์ และสุขภาพ
วิทยาศาสตร์การแพทย์ และสุขภาพ
สถานะ=หนังสือเก่า
W62 ส713ท ฉ.5 
  Barcode: 26317
ห้องสมุดวิทยาเขตนครสวรรค์
►ส่วนจัดเก็บหนังสือเก่า นว.
บนชั้น
  ขอยืม
12. วิทยาศาสตร์การแพทย์ และสุขภาพ
วิทยาศาสตร์การแพทย์ และสุขภาพ
สถานะ=หนังสือเก่า
W62 ส713ท ฉ.6 
  Barcode: 26318
ห้องสมุดวิทยาเขตนครสวรรค์
►ส่วนจัดเก็บหนังสือเก่า นว.
บนชั้น
  ขอยืม
13. วิทยาศาสตร์การแพทย์ และสุขภาพ
วิทยาศาสตร์การแพทย์ และสุขภาพ
สถานะ=หนังสือเก่า
W62 ส713ท ฉ.7 
  Barcode: 26319
ห้องสมุดวิทยาเขตนครสวรรค์
►ส่วนจัดเก็บหนังสือเก่า นว.
บนชั้น
  ขอยืม
14. วิทยาศาสตร์การแพทย์ และสุขภาพ
วิทยาศาสตร์การแพทย์ และสุขภาพ
สถานะ=หนังสือเก่า
W62 ส713ท ฉ.8 
  Barcode: 26320
ห้องสมุดวิทยาเขตนครสวรรค์
►ส่วนจัดเก็บหนังสือเก่า นว.
บนชั้น
  ขอยืม
15. วิทยาศาสตร์การแพทย์ และสุขภาพ
วิทยาศาสตร์การแพทย์ และสุขภาพ
สถานะ=หนังสือเก่า
W62 ส713ท ฉ.9 
  Barcode: 26321
ห้องสมุดวิทยาเขตนครสวรรค์
►ส่วนจัดเก็บหนังสือเก่า นว.
บนชั้น
  ขอยืม

รายการใกล้เคียง
    ผู้แต่ง [สำลี ใจดี]

    หัวเรื่อง [การสื่อสารกับผู้ป่วย]
    หัวเรื่อง [การสื่อสารทางการแพทย์]
    หัวเรื่อง [การแพทย์แผนไทย]

BibComment


ยังไม่เคยถูกคอมเมนท์

คอมเมนท์ทรัพยากรรายการนี้
  คอมเมนท์: ทักษะการสื่อสารก..


 Copyright 2026. Bcnsprnw @Library